000 01369nam0a2200337 4500
001 RU\NLR\ONL2\22697
005 20260406072925.0
010 _a978-5-298-01973-6
_95000
035 _a(NLR Aleph) 010209656
090 _a10269131
_c10269131
100 _a20120321d2011 |||y0rusy50 ca
101 0 _atat
102 _aRU
105 _aa |||||||||
200 1 _aСабантуй сөлгесе
_eбалалар өчен хикэя
_fРкаил Зэйдулла
_g[рэс. Б. Гыйльванов]
210 _aКазан
_cТатар. кит. нэшр.
_d2011
215 _a[37] б.
_cил.
_d26
300 _aПеред вып. дан. авт.: Зайдулла Ркаил (Зайдуллин Ркаил Рафаилович).
541 1 _6z01790
_aПодарок победителю Сабантуя
_e[рассказ для детей].
_zrus
686 1 _aШ9(2)6=Татар-4
700 1 _4070
_8tat
_7ca
_aЗэйдулла
_bР.
_f1962-
_gРкаил
_3RU\NLR\auth-onl\77689
_9130745
702 1 _aГыйльванов
_bБ.
_gБулат
_4440
790 1 _4070
_7ca
_8rus
_aЗайдулла
_bР.
_f1962-
_gРкаиль
_3RU\NLR\auth-onl\77690
_9130746
801 0 _aRU
_bNLR
_c20120321
_gPSBO
852 _aNLR
_jТатар./4-1330
_m39248
852 _aNLR
_bОНЛ
942 _cBOOK
980 _aNB
980 _aONL_RF